[Event "Hoogovens"]
[Site "Wijk aan Zee"]
[Date "1984.??.??"]
[Round "1"]
[White "Ree, Hans"]
[Black "Andersson, Ulf"]
[Result "1/2-1/2"]
[WhiteElo "2480"]
[BlackElo "2630"]

1.d4 Nf6 2.c4 e6 3.Nf3 Bb4+ 4.Nbd2 b6 5.a3 Bxd2+ 6.Qxd2 Bb7 7.b4 a5 8.Bb2 Ne4
9.Qc2 axb4 10.axb4 Rxa1+ 11.Bxa1 Qe7 12.c5 O-O 13.e3 f5 14.Be2 Ng5 15.Qd1 Nxf3+
16.Bxf3 Bxf3 17.Qxf3 Nc6 18.Bc3 bxc5 19.bxc5 Qh4 20.O-O Qe4 21.Qxe4 fxe4
22.f3 exf3 23.Rxf3 Ra8 24.Rf2 Ra3 25.Rc2 Kf7 26.Kf2 Ra4 27.Ke2 Ne7 28.Kd3 Nd5
29.e4 Nxc3 30.Rxc3 c6 31.e5 Ra2 32.Rc2 Rxc2 33.Kxc2 Kg6 34.Kd3 Kf5 35.Ke3 Kg4
36.Ke4 h5 37.Ke3  1/2-1/2

[Event "Hoogovens"]
[Site "Wijk aan Zee"]
[Date "1984.??.??"]
[Round "1"]
[White "Van der Wiel, John TH"]
[Black "Van der Sterren, Paul"]
[Result "1-0"]
[WhiteElo "2515"]
[BlackElo "2475"]

1.e4 e5 2.Nf3 Nf6 3.Nxe5 d6 4.Nf3 Nxe4 5.Nc3 Nxc3 6.dxc3 Be7 7.Be3 O-O 8.Qd2 Nd7
9.O-O-O Ne5 10.Nd4 c5 11.Nb5 Qa5 12.a3 a6 13.Nxd6 Rd8 14.Nxc8 Rxd2 15.Nxe7+ Kf8
16.Rxd2 Kxe7 17.Rd5 Nd7 18.Be2 b6 19.Bf3 Nf8 20.Re5+  1-0

[Event "Hoogovens"]
[Site "Wijk aan Zee"]
[Date "1984.??.??"]
[Round "1"]
[White "Huebner, Robert"]
[Black "Beliavsky, Alexander G"]
[Result "1/2-1/2"]
[WhiteElo "2620"]
[BlackElo "2565"]

1.c4 e6 2.Nf3 d5 3.g3 dxc4 4.Qa4+ Nd7 5.Qxc4 a6 6.Bg2 b5 7.Qc2 Bb7 8.O-O Ngf6
9.Nc3 c5 10.a4 Qb6 11.axb5 axb5 12.Rxa8+ Bxa8 13.d3 Be7 14.Bf4 O-O 15.Ra1 Nd5
16.Nxd5 exd5 17.Ne5 Nxe5 18.Bxe5 Bb7 19.b3 d4 20.Bxb7 Qxb7 21.Bf4 Re8 22.Ra5 h6
23.Qa2 g5 24.Bc1 Bf8 25.Qc2 Qb6 26.Ra1 Qe6 27.e3 dxe3 28.Bxe3 Qd5 29.Rc1 Re6
30.Qd1 Re8 31.h4 gxh4 32.Qg4+ Kh7 33.Qxh4 Qxd3 34.Bxc5 Qd2 35.Qf4 Qxf4 36.gxf4 Rc8
37.b4 Kg6 38.Kg2 Kf5 39.Kf1 Bd6 40.Re1 Bxf4 41.Re7 Rc7 42.Re8 Rd7 43.Ra8 Rd3
44.Ke2 Rb3 45.Ra7 f6 46.Rb7 Ke4 47.Rxb5 Rb2+ 48.Ke1 h5 49.Be3 Be5 50.Rb7 Kf3
51.Rh7 Rb1+ 52.Kd2 Rh1 53.Bb6 h4 54.Bc7 Bxc7 55.Rxc7 Rb1 56.Rf7 Rxb4 57.Rxf6+ Kg2
58.Rg6+ Kf3 59.Rf6+ Kg4  1/2-1/2

[Event "Hoogovens"]
[Site "Wijk aan Zee"]
[Date "1984.??.??"]
[Round "1"]
[White "Sosonko, Gennadi"]
[Black "Torre, Eugenio"]
[Result "1/2-1/2"]
[WhiteElo "2560"]
[BlackElo "2565"]

1.d4 Nf6 2.c4 c6 3.Nc3 d5 4.Nf3 dxc4 5.a4 Bf5 6.Ne5 Nbd7 7.Nxc4 Qc7 8.g3 e5
9.dxe5 Nxe5 10.Bf4 Rd8 11.Qc1 Bd6 12.Nxd6+ Qxd6 13.Bg2 Qe7 14.O-O a5 15.Nd1 O-O
16.Qc3 Rfe8 17.Ne3 Be4 18.Bxe5  1/2-1/2

[Event "Hoogovens"]
[Site "Wijk aan Zee"]
[Date "1984.??.??"]
[Round "1"]
[White "Kortschnoj, Viktor"]
[Black "Ligterink, Gert"]
[Result "1-0"]
[WhiteElo "2635"]
[BlackElo "2445"]

1.d4 Nf6 2.c4 e6 3.Nf3 b6 4.Nc3 Bb7 5.Bg5 h6 6.Bh4 Be7 7.e3 Ne4 8.Bg3 Bb4
9.Qc2 d6 10.Bd3 Bxc3+ 11.bxc3 Nxg3 12.hxg3 Nd7 13.e4 Qe7 14.O-O O-O 15.Nh4 Qg5
16.Rae1 Nf6 17.d5 e5 18.Nf5 Nd7 19.f4 Qf6 20.Qd2 Rae8 21.Bc2 Nc5 22.Rf3 Bc8
23.Ne3 exf4 24.Nf1 Ba6 25.gxf4 Bxc4 26.e5 dxe5 27.fxe5 Qg5 28.Qd4 Bxf1 29.Rfxf1 Rd8
30.c4 Qe7 31.Qf4 Qg5 32.Qd4 Qe7 33.Qc3 Rfe8 34.Rf5 Qh4 35.Re3 Re7 36.Ref3 Red7
37.R3f4 Qe7 38.Qg3 Rf8 39.Rg4 f6 40.Rh4 fxe5  1-0

[Event "Hoogovens"]
[Site "Wijk aan Zee"]
[Date "1984.??.??"]
[Round "2"]
[White "Van der Sterren, Paul"]
[Black "Ree, Hans"]
[Result "1/2-1/2"]
[WhiteElo "2475"]
[BlackElo "2480"]

1.d4 Nf6 2.c4 e6 3.Nf3 b6 4.g3 Ba6 5.b3 Bb4+ 6.Bd2 Be7 7.Nc3 O-O 8.e4 d5
9.cxd5 Bxf1 10.Kxf1 exd5 11.e5 Ne4 12.Qe2 f5 13.exf6 Nxd2+ 14.Qxd2 Bxf6 15.Kg2 Nc6
16.Rhe1 Qd6 17.Re2 Rae8 18.Rae1 Rxe2 19.Rxe2 Ne7 20.Ne5 Bxe5 21.Rxe5 c6 22.f4 Qd7
23.b4 b5 24.Ne2 Nf5 25.Nc1 Nd6 26.Qe2 Ne4 27.Nd3 h6 28.Nf2 Nxf2 29.Qxf2 Re8
30.Qe2 Rxe5 31.Qxe5 Qg4 32.f5 Kh7 33.a3 Qd1 34.f6 gxf6 35.Qxf6 Qe2+ 36.Kh3 Qh5+
37.Kg2 Qe2+ 38.Kh3 Qh5+ 39.Kg2  1/2-1/2

[Event "Hoogovens"]
[Site "Wijk aan Zee"]
[Date "1984.??.??"]
[Round "2"]
[White "Andersson, Ulf"]
[Black "Huebner, Robert"]
[Result "1/2-1/2"]
[WhiteElo "2630"]
[BlackElo "2620"]

1.Nf3 d5 2.d4 Nf6 3.c4 dxc4 4.Qa4+ c6 5.Qxc4 Bf5 6.g3 Nbd7 7.Bg2 e6 8.Nc3 Be7
9.O-O O-O 10.e3 Ne4 11.Nd2 Nxd2 12.Bxd2 e5 13.e4 Nb6 14.Qb3 exd4 15.exf5 dxc3
16.Bxc3 Qd3 17.Rfe1 Rfe8 18.Re4 Qd7 19.Rg4 Bf8 20.Bh3 Qd6 21.Rd1 Qh6 22.Rh4 Qg5
23.Rg4 Qh6 24.Rh4 Qg5  1/2-1/2

[Event "Hoogovens"]
[Site "Wijk aan Zee"]
[Date "1984.??.??"]
[Round "2"]
[White "Torre, Eugenio"]
[Black "Adorjan, Andras"]
[Result "1/2-1/2"]
[WhiteElo "2565"]
[BlackElo "2570"]

1.d4 Nf6 2.c4 e6 3.Nf3 b6 4.g3 Ba6 5.b3 Bb4+ 6.Bd2 Be7 7.Bg2 c6 8.Bc3 d5
9.Ne5 O-O 10.O-O Bb7 11.Nd2 Na6 12.e4 c5 13.exd5 exd5 14.Re1 cxd4 15.Bxd4 Nc5
16.Ng4 dxc4 17.Nxf6+ Bxf6 18.Bxc5 bxc5 19.Bxb7 Bxa1 20.Bxa8 Bc3 21.bxc4 Bxd2  1/2-1/2

[Event "Hoogovens"]
[Site "Wijk aan Zee"]
[Date "1984.??.??"]
[Round "2"]
[White "Ligterink, Gert"]
[Black "Miles, Anthony J"]
[Result "0-1"]
[WhiteElo "2445"]
[BlackElo "2610"]

1.e4 Nc6 2.Nf3 d6 3.d4 Nf6 4.Nc3 Bg4 5.Bb5 a6 6.Bxc6+ bxc6 7.h3 Bh5 8.Qe2 e6
9.g4 Bg6 10.Bg5 Be7 11.O-O-O h6 12.Bf4 Qb8 13.Kb1 Qb4 14.Bc1 Rb8 15.b3 Qxc3
16.Bd2 Nxe4 17.Be1 O-O  0-1

[Event "Hoogovens"]
[Site "Wijk aan Zee"]
[Date "1984.??.??"]
[Round "3"]
[White "Sosonko, Gennadi"]
[Black "Andersson, Ulf"]
[Result "1/2-1/2"]
[WhiteElo "2560"]
[BlackElo "2630"]

1.d4 Nf6 2.c4 e6 3.g3 Bb4+ 4.Bd2 Bxd2+ 5.Nxd2 d5 6.Bg2 O-O 7.Ngf3 Nbd7 8.Qc2 b6
9.cxd5 Nxd5 10.O-O c5 11.dxc5 Nxc5 12.Ne4 Nxe4 13.Qxe4 Bb7 14.Nd4 Qf6 15.Rac1 Rac8
16.a3 h6 17.Rxc8  1/2-1/2

[Event "Hoogovens"]
[Site "Wijk aan Zee"]
[Date "1984.??.??"]
[Round "3"]
[White "Van der Wiel, John TH"]
[Black "Ligterink, Gert"]
[Result "1/2-1/2"]
[WhiteElo "2515"]
[BlackElo "2445"]

1.e4 c5 2.Nf3 e6 3.d4 cxd4 4.Nxd4 Nc6 5.Nc3 d6 6.Be3 Nf6 7.f4 e5 8.fxe5 dxe5
9.Ndb5 Qa5 10.a3 Bg4 11.b4 Qd8 12.Qxd8+ Kxd8 13.Be2 Kc8 14.Nd5 Bxe2 15.Kxe2 Nxe4
16.Rhf1 f6 17.Kd3 Nd6 18.Nbc7 e4+ 19.Ke2 Ne7 20.Nxa8 Nxd5 21.Bxa7 Nc4 22.Rf5 Nc3+
23.Ke1 Bd6 24.Nb6+ Nxb6 25.Bxb6 Be5 26.a4 Nd5 27.Rxe5 fxe5 28.Bc5 b6 29.c4 bxc5
30.cxd5 cxb4 31.Rb1 Rd8 32.Rxb4 Rxd5 33.Rxe4 Kd7 34.Rh4 h6 35.Rg4 g5 36.h4 Ke6
37.hxg5 Kf5 38.Rb4 Kxg5 39.Ke2 Kf5 40.Rh4 Kg5 41.Rc4 h5  1/2-1/2

[Event "Hoogovens"]
[Site "Wijk aan Zee"]
[Date "1984.??.??"]
[Round "3"]
[White "Tukmakov, Vladimir B"]
[Black "Torre, Eugenio"]
[Result "1/2-1/2"]
[WhiteElo "2550"]
[BlackElo "2565"]

1.d4 Nf6 2.Nf3 d5 3.c4 c6 4.Nc3 dxc4 5.a4 Bf5 6.Ne5 e6 7.f3 Bb4 8.Nxc4 O-O
9.Bg5 h6 10.Bh4 c5 11.dxc5 Qxd1+ 12.Rxd1 Bc2 13.Rc1 Bh7 14.e4 Nc6 15.Bf2 Nd7
16.Be2 Bxc5 17.O-O f5 18.Rcd1 Rfd8 19.exf5 Bxf5 20.Nd6 Bxf2+ 21.Kxf2 Nc5
22.Nxf5  1/2-1/2

[Event "Hoogovens"]
[Site "Wijk aan Zee"]
[Date "1984.??.??"]
[Round "3"]
[White "Adorjan, Andras"]
[Black "Beliavsky, Alexander G"]
[Result "1/2-1/2"]
[WhiteElo "2570"]
[BlackElo "2565"]

1.c4 e6 2.Nc3 d5 3.d4 Nf6 4.Bg5 Be7 5.e3 h6 6.Bh4 O-O 7.Rc1 b6 8.Bxf6 Bxf6
9.cxd5 exd5 10.g3 c5 11.Bg2 Bb7 12.dxc5 Bxc3+ 13.bxc3 Nd7 14.cxb6 Nc5 15.Ne2 axb6
16.O-O Rxa2 17.Rc2  1/2-1/2

[Event "Hoogovens"]
[Site "Wijk aan Zee"]
[Date "1984.??.??"]
[Round "3"]
[White "Miles, Anthony J"]
[Black "Nikolic, Predrag"]
[Result "1-0"]
[WhiteElo "2610"]
[BlackElo "2570"]

1.Nf3 d5 2.d4 c6 3.c4 e6 4.Qc2 Nf6 5.Bf4 Nh5 6.Bg5 f6 7.Bh4 g5 8.Bg3 Nd7
9.cxd5 exd5 10.e3 Bb4+ 11.Nc3 Nf8 12.Bd3 Be6 13.a3 Bxc3+ 14.bxc3 Qe7 15.Rb1 Kf7
16.Qe2 Ng7 17.Nd2 h5 18.h4 g4 19.O-O Ng6 20.e4 Rhe8 21.f3 b6 22.fxg4 Bxg4
23.Qf2 Nf8 24.Rbe1 Qd8 25.Qf4 Re6 26.Nf3 Kg8 27.Nh2 dxe4 28.Nxg4 exd3 29.Rxe6 Nfxe6
30.Nxf6+ Kf7 31.Qe5 d2 32.Nxh5+  1-0

[Event "Hoogovens"]
[Site "Wijk aan Zee"]
[Date "1984.??.??"]
[Round "4"]
[White "Van der Wiel, John TH"]
[Black "Ree, Hans"]
[Result "1-0"]
[WhiteElo "2515"]
[BlackElo "2480"]

1.e4 e6 2.d4 d5 3.Nc3 Nf6 4.e5 Nfd7 5.f4 c5 6.Nf3 Nc6 7.Be3 Qb6 8.Na4 Qa5+
9.c3 cxd4 10.b4 Nxb4 11.cxb4 Bxb4+ 12.Bd2 Bxd2+ 13.Nxd2 b6 14.Kf2 Ba6 15.Nf3 d3
16.Nb2 Nc5 17.Bxd3 Bxd3 18.Nxd3 Ne4+ 19.Ke3 Rc8 20.Rc1 O-O 21.Qb3 Nc3 22.Rc2 Rc4
23.Nd2 d4+ 24.Kf2 Ra4 25.Nb1 Nxa2 26.Rd1 Nb4 27.Rc4 Ra2+ 28.Rd2 Rxd2+ 29.Nxd2 Nd5
30.Nf3 b5 31.Rxd4 Qb6 32.Nb4 Nxf4 33.Qe3 Ng6 34.Rd7 Qxe3+ 35.Kxe3 a5 36.Nc6 a4
37.Ra7 Rc8 38.Ncd4 h6 39.Ra5 Rc3+ 40.Ke4 Ne7 41.Nxb5 Rc2 42.Rxa4 g5 43.Nd6 Rxg2
44.Ra8+ Kg7 45.Ne8+ Kg6 46.Nf6 Re2+ 47.Kd3 Rb2 48.Nd4 Rxh2 49.Re8 Rh3+ 50.Ke2 Rh2+
51.Kd3 Rh3+ 52.Kc4 Re3 53.Rxe7 Rxe5 54.Nd7 Re3 55.Nc6 Re4+ 56.Kd3 Rf4 57.Nd8 h5
58.Nxf7 g4 59.Nfe5+ Kf5 60.Rf7+ Kg5 61.Rg7+ Kf5 62.Nc4 Rf3+ 63.Ke2 Kf4 64.Nc5 Kg3
65.Ne4+ Kh2 66.Rh7 Rh3 67.Nf2 Rh4 68.Ne3 Kg3 69.Ra7 Kh2 70.Ra1  1-0

[Event "Hoogovens"]
[Site "Wijk aan Zee"]
[Date "1984.??.??"]
[Round "4"]
[White "Torre, Eugenio"]
[Black "Miles, Anthony J"]
[Result "1/2-1/2"]
[WhiteElo "2565"]
[BlackElo "2610"]

1.d4 Nf6 2.c4 e6 3.Nf3 b6 4.g3 Bb4+ 5.Bd2 Bxd2+ 6.Qxd2 Ba6 7.Na3 Bb7 8.Bg2 O-O
9.O-O d6 10.Rad1 Nbd7 11.Nb5 a6 12.Nc3 b5 13.Qd3 b4 14.Nb1 Be4 15.Qe3 c5
16.Nbd2 Bb7 17.Nb3 Rc8 18.dxc5 Nxc5 19.Qd2 Nxb3 20.axb3 Ne4 21.Qxb4 Rb8 22.Qa3 Qb6
23.Nd2  1/2-1/2

[Event "Hoogovens"]
[Site "Wijk aan Zee"]
[Date "1984.??.??"]
[Round "4"]
[White "Andersson, Ulf"]
[Black "Adorjan, Andras"]
[Result "1/2-1/2"]
[WhiteElo "2630"]
[BlackElo "2570"]

1.Nf3 c5 2.c4 b6 3.Nc3 Bb7 4.e3 Nf6 5.d4 cxd4 6.exd4 e6 7.a3 d5 8.Bg5 Be7
9.Bxf6 Bxf6 10.cxd5 O-O 11.dxe6 fxe6 12.Bc4 Nc6 13.Bxe6+ Kh8 14.O-O Nxd4
15.Nxd4 Bxd4 16.Bd5 Bxc3 17.Bxb7 Bxb2 18.Bxa8 Bxa1 19.Be4 Qxd1 20.Rxd1 Bf6
21.a4 Rd8 22.Rxd8+  1/2-1/2

[Event "Hoogovens"]
[Site "Wijk aan Zee"]
[Date "1984.??.??"]
[Round "4"]
[White "Van der Sterren, Paul"]
[Black "Sosonko, Gennadi"]
[Result "1/2-1/2"]
[WhiteElo "2475"]
[BlackElo "2560"]

1.d4 Nf6 2.c4 e6 3.Nf3 b6 4.g3 Ba6 5.b3 Bb4+ 6.Bd2 Be7 7.Nc3 d5 8.cxd5 exd5
9.Bg2 O-O 10.O-O Nbd7 11.Ne5 Bb7 12.Bf4 Re8 13.Rc1 Nf8 14.Qc2 Ne6 15.Rfd1 Nxf4
16.gxf4 a6 17.e3 Ba3 18.Rb1 Bd6 19.b4 Qe7 20.b5 Qe6 21.a4 g6 22.Ra1 Kg7 23.Qb3 Qf5
24.bxa6 Rxa6 25.Nxd5 Nxd5 26.Bxd5 Bxd5 27.Qxd5 Bxe5 28.dxe5 Ra5 29.Qc6 Rc5
30.Qxe8 Qg4+ 31.Kh1 Qf3+ 32.Kg1 Qg4+ 33.Kh1 Qf3+  1/2-1/2

[Event "Hoogovens"]
[Site "Wijk aan Zee"]
[Date "1984.??.??"]
[Round "4"]
[White "Ligterink, Gert"]
[Black "Nikolic, Predrag"]
[Result "1/2-1/2"]
[WhiteElo "2445"]
[BlackElo "2570"]

1.d4 Nf6 2.c4 e6 3.Nf3 b6 4.a3 d5 5.Nc3 Be7 6.cxd5 exd5 7.Bf4 O-O 8.e3 c5
9.Bd3 Bb7 10.Ne5 Nc6 11.O-O Nxe5 12.dxe5 Ne8 13.Qg4 g6 14.Rad1 h5 15.Qf3 Nc7
16.Bh6 Re8 17.e4 Bg5 18.Bxg5 Qxg5 19.exd5 Qxe5 20.Bc4 Rad8 21.Rd3 Kg7 22.Qd1 Qf4
23.b3 Qd6 24.Qd2 Re7 25.f3 Ne8 26.Nb5 Qb8 27.d6 Red7 28.Rd1 Bc6 29.Qf4 a6
30.Nc7 b5 31.Bd5 Bxd5 32.Rxd5 c4 33.bxc4 bxc4 34.Nxe8+ Rxe8 35.Qxc4 Qb2 36.Qd4+ Qxd4+
37.R1xd4 Rc8 38.Kf2 Rc2+ 39.Kg3 Kf6 40.Ra5 Rc6  1/2-1/2

[Event "Hoogovens"]
[Site "Wijk aan Zee"]
[Date "1984.??.??"]
[Round "4"]
[White "Kortschnoj, Viktor"]
[Black "Huebner, Robert"]
[Result "1/2-1/2"]
[WhiteElo "2635"]
[BlackElo "2620"]

1.d4 d5 2.c4 e6 3.Nf3 Nf6 4.Nc3 Be7 5.Bg5 O-O 6.e3 h6 7.Bxf6 Bxf6 8.Qd2 b6
9.O-O-O Bb7 10.cxd5 exd5 11.g4 Bh4 12.Rg1 Nd7 13.g5 hxg5 14.Bd3 Re8 15.Qe2 Qf6
16.Nxh4 gxh4 17.Qh5 Kf8 18.Rg4 Qh6 19.Qxh6 gxh6 20.Rxh4 Ke7 21.Rxh6 Rh8 22.Rxh8 Rxh8
23.Rh1 Rh4 24.Ne2 c5 25.Ng3 Kf6 26.Nf5 Rh3 27.Nd6 Bc6 28.Kd2 Nf8 29.Nc8 cxd4
30.exd4 Ne6 31.Nxa7 Nxd4 32.Nxc6 Nxc6 33.Bf1 Rh4 34.h3 Ne5 35.Bg2 d4 36.Bd5 Kf5
37.a4 f6 38.f3 Kf4 39.b4 Nxf3+ 40.Kd3 Ng5 41.Kxd4 Kf5+ 42.Kc3 Ke5 43.Bg2 f5
44.Ra1 f4 45.a5 f3 46.Bf1 Ne4+ 47.Kd3 bxa5 48.bxa5 Ng3 49.a6 Rh8 50.Kc3 Nxf1
51.Rxf1 Ra8 52.Ra1 f2  1/2-1/2

[Event "Hoogovens"]
[Site "Wijk aan Zee"]
[Date "1984.??.??"]
[Round "5"]
[White "Adorjan, Andras"]
[Black "Van der Sterren, Paul"]
[Result "1/2-1/2"]
[WhiteElo "2570"]
[BlackElo "2475"]

1.c4 e6 2.Nc3 d5 3.d4 Nf6 4.Bg5 Be7 5.e3 O-O 6.Rc1 h6 7.Bh4 b6 8.Bxf6 Bxf6
9.cxd5 exd5 10.g3 c6 11.Bg2 Be7 12.Nge2 Nd7 13.Qa4 Bb7 14.O-O a5 15.e4 dxe4
16.Nxe4 Rc8 17.Rfd1 Re8 18.Nf4 b5 19.Qc2 Qb6 20.Nd3  1/2-1/2

[Event "Hoogovens"]
[Site "Wijk aan Zee"]
[Date "1984.??.??"]
[Round "5"]
[White "Nikolic, Predrag"]
[Black "Torre, Eugenio"]
[Result "1-0"]
[WhiteElo "2570"]
[BlackElo "2565"]

1.d4 Nf6 2.c4 g6 3.Nf3 Bg7 4.g3 O-O 5.Bg2 d6 6.O-O c5 7.d5 Na6 8.Nc3 Nc7
9.e4 Bg4 10.h3 Bxf3 11.Qxf3 a6 12.a4 b5 13.axb5 axb5 14.Rxa8 Qxa8 15.cxb5 Qa5
16.e5 dxe5 17.d6 exd6 18.Qc6 Ne6 19.Qxd6 e4 20.b6 Qb4 21.Qc6 h6 22.Be3 Rb8
23.Na4 Nd5 24.Qxd5 Qxa4 25.b7 Kh7 26.b3 Qb4 27.Bxe4 Nd8 28.Bxc5 Qxb7 29.Qxd8  1-0

[Event "Hoogovens"]
[Site "Wijk aan Zee"]
[Date "1984.??.??"]
[Round "5"]
[White "Ree, Hans"]
[Black "Ligterink, Gert"]
[Result "1/2-1/2"]
[WhiteElo "2480"]
[BlackElo "2445"]

1.d4 Nf6 2.c4 e6 3.Nc3 Bb4 4.e3 c5 5.Ne2 cxd4 6.exd4 O-O 7.a3 Be7 8.d5 exd5
9.cxd5 Re8 10.Be3 Ng4 11.Bd4 Nh6 12.Ng3 Bxa3+ 13.Be2 Bxb2 14.Nb5 Bxd4 15.Qxd4 d6
16.Rxa7 Rxa7 17.Qxa7 Na6 18.O-O Nf5 19.Bf3 Bd7 20.Nxf5 Bxb5 21.Rd1 Nc5 22.h3 Qf6
23.Ne3 h6 24.Ng4 Qf4 25.Qa1 Bd7 26.Ne3 b5 27.Bg4 Bxg4 28.hxg4 g6 29.Qb2 b4
30.Rd4 Re4 31.g3 Qf3 32.Rxb4 Rxb4 33.Qxb4 Nd3 34.Qd2 Ne5 35.Qb4 Kg7 36.Qd4 Kg8
37.Qf4 Qxf4 38.gxf4 Nd3 39.f5 Kg7  1/2-1/2

[Event "Hoogovens"]
[Site "Wijk aan Zee"]
[Date "1984.??.??"]
[Round "6"]
[White "Ligterink, Gert"]
[Black "Torre, Eugenio"]
[Result "1-0"]
[WhiteElo "2445"]
[BlackElo "2565"]

1.d4 d5 2.c4 c6 3.Nc3 Nf6 4.e3 g6 5.Nf3 Bg7 6.Be2 O-O 7.O-O b6 8.b3 Bb7 9.Bb2 e6
10.Qc2 Nbd7 11.Rad1 Qc7 12.e4 Nxe4 13.Nxe4 dxe4 14.Qxe4 c5 15.Qc2 cxd4 16.Nxd4 a6
17.Bf3 Rfc8 18.Qe2 Ra7 19.Rfe1 Nf8 20.Bxb7 Rxb7 21.Nf3 b5 22.Bxg7 Kxg7 23.Qb2+ f6
24.c5 b4 25.Ng5 Qf4 26.Ne4 Rd7 27.Rxd7+ Nxd7 28.Qd4 Rc7 29.c6 Ne5 30.Nc5 Qxd4
31.Nxe6+ Kf7 32.Nxd4 g5 33.Kf1 Ke7 34.Nc2 a5 35.Nd4 Rc8 36.Rc1 Kd6 37.Nb5+ Kd5
38.c7 Nd3 39.Rd1 Kc5 40.Rxd3 Kxb5 41.Rd7 h5 42.Rf7 Kb6 43.Rxf6+ Kxc7 44.Ra6  1-0

[Event "Hoogovens"]
[Site "Wijk aan Zee"]
[Date "1984.??.??"]
[Round "6"]
[White "Andersson, Ulf"]
[Black "Miles, Anthony J"]
[Result "1/2-1/2"]
[WhiteElo "2630"]
[BlackElo "2610"]

1.Nf3 d5 2.d4 Nf6 3.c4 dxc4 4.Qa4+ Nc6 5.e3 Nd7 6.Bxc4 Nb6 7.Qb3 Nxc4 8.Qxc4 Be6
9.Qa4 Bd7 10.Qb3 e6 11.Nc3 Na5 12.Qc2 c5 13.O-O Rc8 14.d5 exd5 15.Nxd5 Nc6
16.Rd1 Be7 17.Bd2 O-O 18.Bc3 Qe8 19.Rd2 Bd8 20.h3 f6 21.Qb3 Rf7 22.Qxb7 Bxh3
23.Qa6 Bg4 24.Nh2 Bf5 25.Rad1 Bc7 26.Nxc7 Rfxc7 27.Rd6 Qf7 28.Nf1 c4 29.Qb5 Bd3
30.Qd5 Qxd5 31.Rxd5 Kf7 32.Nd2 Ne7 33.Ra5 Rd7 34.Nf3 Nd5 35.Bd4 Nb4 36.Rc1 Nc6
37.Ra3 Nxd4 38.Nxd4 Rb8 39.b3 cxb3 40.axb3 Rb6 41.Rc3 Bb5 42.Ra5 Rdb7 43.f3 g5
44.Kf2 Kg6 45.Rc8 a6 46.Ra3 h5 47.Rc5 Be8 48.g3 Bf7 49.Rc3 Be6 50.Kg2  1/2-1/2

[Event "Hoogovens"]
[Site "Wijk aan Zee"]
[Date "1984.??.??"]
[Round "6"]
[White "Ree, Hans"]
[Black "Huebner, Robert"]
[Result "1-0"]
[WhiteElo "2480"]
[BlackElo "2620"]

1.d4 d6 2.c4 g6 3.Nc3 Bg7 4.e4 e5 5.Nf3 Nc6 6.d5 Nce7 7.Be2 f5 8.exf5 gxf5
9.Ng5 Ng6 10.Bh5 Ne7 11.f4 Bf6 12.fxe5 dxe5 13.O-O O-O 14.g4 Qd6 15.gxf5 Qc5+
16.Kh1 Bxf5 17.Qe2 Bg7 18.Be3 Qb4 19.a3 Qb3 20.Bg4 Bh6 21.Rae1 Rae8 22.Bc1 Nf4
23.Bxf4 exf4 24.Ne6 Ng6 25.Bxf5 Rxf5 26.Qd3 Rh5 27.Qf3 Rh4 28.Nd4 Rxe1 29.Nxb3 Re3
30.Qf2 Reh3 31.Nd4 Ne5 32.Nf5 Ng4 33.Qxh4  1-0

[Event "Hoogovens"]
[Site "Wijk aan Zee"]
[Date "1984.??.??"]
[Round "6"]
[White "Van der Sterren, Paul"]
[Black "Tukmakov, Vladimir B"]
[Result "0-1"]
[WhiteElo "2475"]
[BlackElo "2550"]

1.d4 Nf6 2.c4 g6 3.Nc3 d5 4.cxd5 Nxd5 5.e4 Nxc3 6.bxc3 c5 7.Nf3 Bg7 8.Rb1 O-O
9.Be2 Nc6 10.d5 Ne5 11.Nxe5 Bxe5 12.Qd2 e6 13.f4 Bh8 14.c4 Re8 15.O-O exd5
16.exd5 Bd4+ 17.Kh1 b6 18.Bd3 Bf5 19.Qc2 Qd7 20.Bd2 Re2 21.Rbe1 Rae8 22.Rxe2 Rxe2
23.Re1 Rf2 24.Bxf5 Qxf5 25.Qxf5 gxf5 26.Rd1 Kf8 27.h3 Ke7 28.Kh2 Kd6 29.a4 h5
30.h4 Re2 31.Kg3 Bc3 32.Bc1 Re4  0-1

[Event "Hoogovens"]
[Site "Wijk aan Zee"]
[Date "1984.??.??"]
[Round "6"]
[White "Van der Wiel, John TH"]
[Black "Sosonko, Gennadi"]
[Result "1/2-1/2"]
[WhiteElo "2515"]
[BlackElo "2560"]

1.e4 c5 2.Nc3 d6 3.g3 Nc6 4.Bg2 g6 5.d3 Bg7 6.Be3 Rb8 7.Nge2 Nd4 8.O-O b5
9.b4 e6 10.a4 a6 11.axb5 axb5 12.Rb1 Bd7 13.Na2 Ne7 14.bxc5 dxc5 15.c3 Nxe2+
16.Qxe2 Rc8 17.f4 O-O 18.Qf2  1/2-1/2

[Event "Hoogovens"]
[Site "Wijk aan Zee"]
[Date "1984.??.??"]
[Round "7"]
[White "Huebner, Robert"]
[Black "Ligterink, Gert"]
[Result "1-0"]
[WhiteElo "2620"]
[BlackElo "2445"]

1.e4 c5 2.Nf3 e6 3.d4 cxd4 4.Nxd4 Nc6 5.Nb5 d6 6.c4 Nf6 7.N1c3 a6 8.Na3 Be7
9.Be2 O-O 10.O-O b6 11.Be3 Ne5 12.Qb3 Ned7 13.Rfd1 Bb7 14.f3 Qc7 15.Bf1 Rac8
16.Rac1 Qb8 17.Nc2 Bd8 18.Kh1 Bc7 19.Bg1 h6 20.Ne3 Kh8 21.Qc2 Rg8 22.Qd2 g5
23.Bd3 Ne5 24.Bb1 Rg7 25.Ne2 Rcg8 26.Qc3 Qa8 27.b4 g4 28.f4 Ned7 29.Nd5 exd5
30.cxd5 Bd8 31.Bd4 Nh5 32.Bxg7+ Rxg7 33.Nd4 Nxf4 34.Nf5 Ne5 35.Nxd6 f6 36.Qe3 Nfg6
37.Rf1 Rh7 38.Rf5 Qb8 39.Ne8 Bc8 40.Nxf6 Bxf6 41.Rxf6 b5 42.Rxg6  1-0

[Event "Hoogovens"]
[Site "Wijk aan Zee"]
[Date "1984.??.??"]
[Round "7"]
[White "Adorjan, Andras"]
[Black "Van der Wiel, John TH"]
[Result "1/2-1/2"]
[WhiteElo "2570"]
[BlackElo "2515"]

1.c4 c5 2.Nf3 Nf6 3.Nc3 Nc6 4.d4 cxd4 5.Nxd4 e6 6.g3 Qb6 7.Ndb5 Bc5 8.Nd6+ Ke7
9.Nde4 Nxe4 10.Nxe4 Bb4+ 11.Bd2 d5 12.cxd5 exd5 13.Nc3 Bxc3 14.bxc3 Bf5 15.Bg2 Rhd8
16.O-O Kf8 17.Be3 Qb5 18.Qb3  1/2-1/2

[Event "Hoogovens"]
[Site "Wijk aan Zee"]
[Date "1984.??.??"]
[Round "7"]
[White "Nikolic, Predrag"]
[Black "Andersson, Ulf"]
[Result "1-0"]
[WhiteElo "2570"]
[BlackElo "2630"]

1.d4 Nf6 2.c4 e6 3.Nf3 Bb4+ 4.Bd2 Bxd2+ 5.Qxd2 O-O 6.Nc3 d5 7.e3 Qe7 8.a3 Nbd7
9.Qc2 dxc4 10.Bxc4 c5 11.O-O Nb6 12.Ba2 cxd4 13.exd4 Bd7 14.Rfe1 Qd6 15.Rad1 Rac8
16.Rd3 Rfd8 17.Ng5 Na4 18.Bb1 Be8 19.Rf3 Qxd4 20.Nxh7 Nxh7 21.Qxh7+ Kf8 22.h3 Ke7
23.Re4 Qd6 24.Rd3 Qb8 25.Qxg7 Rxd3 26.Bxd3 Nxc3 27.bxc3 Rc5 28.Bc4 Bd7 29.g3 Qd6
30.Rf4 Kd8 31.Qxf7 Qc6 32.Bd3 Rxc3 33.Qf8+ Kc7 34.Be4 Rc1+ 35.Kh2  1-0

[Event "Hoogovens"]
[Site "Wijk aan Zee"]
[Date "1984.??.??"]
[Round "8"]
[White "Van der Wiel, John TH"]
[Black "Tukmakov, Vladimir B"]
[Result "1/2-1/2"]
[WhiteElo "2515"]
[BlackElo "2550"]

1.e4 c5 2.Nf3 d6 3.d4 cxd4 4.Nxd4 Nf6 5.Nc3 a6 6.Bg5 e6 7.f4 Qc7 8.Qf3 b5
9.Bxf6 gxf6 10.a3 Nc6 11.Nxc6 Qxc6 12.f5 Ra7 13.Be2 Qc5 14.O-O-O Rc7 15.Rhf1 Rg8
16.fxe6 fxe6 17.Qxf6 Qg5+ 18.Kb1 Qxf6 19.Rxf6 Bg7 20.Bh5+ Kd8 21.Rf7 Be5
22.Rxc7 Kxc7 23.Bf3 Bxc3 24.bxc3 e5 25.Rd3 Kc6 26.h3  1/2-1/2

[Event "Hoogovens"]
[Site "Wijk aan Zee"]
[Date "1984.??.??"]
[Round "8"]
[White "Kortschnoj, Viktor"]
[Black "Miles, Anthony J"]
[Result "1-0"]
[WhiteElo "2635"]
[BlackElo "2610"]

1.d4 Nf6 2.c4 e6 3.Nc3 Bb4 4.e3 c5 5.Ne2 cxd4 6.exd4 O-O 7.a3 Be7 8.d5 exd5
9.cxd5 Re8 10.d6 Bf8 11.g3 Qb6 12.Bg2 Bxd6 13.Be3 Qa6 14.O-O Be5 15.Nf4 d5
16.Ncxd5 Nc6 17.Nxf6+ Bxf6 18.Nd5 Be5 19.Qh5 Qa4 20.Bf4 Bd7 21.b3 Qa5 22.b4 Qa4
23.Rad1 Bxf4 24.gxf4 Rad8 25.Rd3 Kh8 26.Nc7 Re7 27.Qc5 Re2 28.Rxd7  1-0

[Event "Hoogovens"]
[Site "Wijk aan Zee"]
[Date "1984.??.??"]
[Round "8"]
[White "Ligterink, Gert"]
[Black "Beliavsky, Alexander G"]
[Result "0-1"]
[WhiteElo "2445"]
[BlackElo "2565"]

1.d4 f5 2.Nc3 d5 3.Bg5 h6 4.Bf4 Nf6 5.e4 fxe4 6.f3 Bf5 7.fxe4 dxe4 8.Bc4 e6
9.Nge2 Nc6 10.O-O Na5 11.Bb3 Nxb3 12.axb3 Bd6 13.Ng3 Bg6 14.Be5 O-O 15.Re1 Bxe5
16.dxe5 Qxd1 17.Raxd1 Ng4 18.Ngxe4 Rf7 19.Rd2 b6 20.h3 Nxe5 21.Ng3 Nd7 22.Rxe6 Kh7
23.h4 Nf6 24.Nce4 Nxe4 25.Nxe4 Rf4 26.Nc3 Re8 27.Rc6 Re1+ 28.Kh2 h5 29.Rxc7 Rxh4+
30.Kg3 Rg4+ 31.Kf2 Re5 32.Rxa7 Rf4+ 33.Kg1 Re1+ 34.Kh2 Rc1 35.Nd5 Rff1 36.Kg3 Kh6
37.Ne3 Rf6 38.Rdd7 Rh1 39.Rd4 Bh7 40.Rf4 Re6 41.Nf5+ Bxf5 42.Rxf5 Rg6+ 43.Kf2 Rh2
44.Ke3 Rgxg2 45.Rb5 Rxc2 46.Rxb6+ g6 47.b4 Rxb2 48.b5 Rb4 49.Rb8 Rh3+ 50.Kd2 Rb2+
51.Kc1 Rf2 52.Rd7 Rh1+ 53.Rd1 Rhh2 54.b6 Ra2 55.Kb1 Rhb2+ 56.Kc1 Rc2+ 57.Kb1 Rab2+
58.Ka1 Rb5 59.Rd6 Rc4 60.Ra8 h4 61.Ra7 Rcb4 62.Ra6 Kh5 63.b7 g5  0-1

[Event "Hoogovens"]
[Site "Wijk aan Zee"]
[Date "1984.??.??"]
[Round "8"]
[White "Andersson, Ulf"]
[Black "Torre, Eugenio"]
[Result "1-0"]
[WhiteElo "2630"]
[BlackElo "2565"]

1.Nf3 d5 2.d4 Nf6 3.c4 c6 4.cxd5 cxd5 5.Nc3 Nc6 6.Bf4 Qb6 7.a3 Bf5 8.Na4 Qd8
9.e3 Nd7 10.Bb5 e6 11.O-O Be7 12.Rc1 Rc8 13.Bxc6 bxc6 14.Ne5 Nxe5 15.Bxe5 O-O
16.Nc5 f6 17.Bg3 Re8 18.Rc3 e5 19.Qd2 exd4 20.exd4 Bxc5 21.Rxc5 Qb6 22.h3 Bd7
23.b4 Re6 24.Re1 Rce8 25.Rxe6 Rxe6 26.Kh2 Bc8 27.Qc2 Bd7 28.b5 Qb7 29.a4 Be8
30.Qf5 Qe7 31.a5 g6 32.Qf3 Qb7 33.Qb3 cxb5 34.Rxd5 Kg7 35.Rc5 Re7 36.d5 a6
37.d6 Rf7 38.Qe3 Bc6 39.f3 Bd7 40.Rc7 Qb8 41.Qb6 Qa8 42.Ra7 Qd5 43.Rxa6 g5
44.Ra7 h5 45.Rc7 g4 46.fxg4 hxg4 47.h4 f5 48.Qe3 Kh7 49.Qg5 Qe4 50.a6  1-0